000 01296nam a22003617a 4500
003 CHAP
005 20220329133928.0
008 971013s1962 r 00010 d
010 _a12823
011 _a13795
035 _a17867
040 _cCHAP
082 _a633.2
_bG63
100 0 0 _aGoded y Mur, Antonino.
_948436
245 _aTécnicas modernas aplicadas al análisis de pastos y piensos
260 _aMadrid :
_bDossat,
_c1962
300 _a308 p.
_b: ilus.
490 _aDossat. Modernas técnicas aplcadas
_v; 1
590 _aBATCH-UPD
_b10
_c20130110
_lUCH01
_h0018
590 _aBATCH-UPD
_b10
_c20130110
_lUCH01
_h2145
590 _aBATCH-UPD
_b10
_c20130409
_lUCH01
_h1957
590 _aBATCH-UPD
_b10
_c20130410
_lUCH01
_h1453
590 _aBATCH-UPD
_b10
_c20130914
_lUCH01
_h1220
590 _aCONVERSION
_b10
_c20130109
_lUCH01
_h1308
650 1 4 _aForrajes
_xAnálisis.
_942555
650 1 4 _aPastos
_xAnálisis.
_985993
830 0 _aDossat. Modernas técnicas aplcadas
_v; 1
_934045
901 _aBK
942 _cLIBRO
949 _a633.2 G63
_bBC
_cLIBRO
_d33724000213310
_eLIBRO
_h53989
_i17867
_si
_t260.00
949 _a633.2 G63
_bBC
_cLIBRO
_d33724000213336
_eLIBRO
_fc.3
_h53991
_i17867
_si
_t260.00
949 _a633.2 G63
_bBC
_cLIBRO
_d33724000213344
_eLIBRO
_fc.2
_h53990
_i17867
_si
_t260.00
999 _c12823
_d12823